| 000 | 00490cam a22001337a 4500 | ||
|---|---|---|---|
| 008 | 180718b1988 xxu||||| |||| 00| 0 eng d | ||
| 082 | _aY15x54331 In2 | ||
| 100 | _aMishra, S.N. | ||
| 245 |
_aEvaluation of economic condition of assignees of ceiling land: Haryana, Karnataka and West Bengal _cby S.N. Mishra...[et.al] |
||
| 260 |
_aDelhi _bIndian Institute of Public Administration _c1988 |
||
| 300 | _a292+p. | ||
| 440 | _aIIPA Working Paper, 1988: 1 | ||
| 650 | _aIndia - Economic conditions | ||
| 999 |
_c492355 _d492355 |
||